| 000 | 00615nam a22002171a 4500 | ||
|---|---|---|---|
| 001 | 7653 | ||
| 003 | OSt | ||
| 005 | 20260204212139.0 | ||
| 008 | 080618s1992||||dr ||||||b||||||||||spa|| | ||
| 020 | _a8489525439 | ||
| 050 | _a322.44 P415m | ||
| 100 | _aPérez, César | ||
| 245 | _aMovimientos sociales dominicano: identidad y dilema / César Pérez y Leopoldo Artiles | ||
| 264 | _aSanto Domingo : INTEC | ||
| 300 | _a158 p | ||
| 490 | _aSerie investigaciones No. 10 | ||
| 500 | _aIncluye bibliografía | ||
| 650 | _aMovimiento Sociales 2.Luchas Sociales | ||
| 700 | _aArtiles, LeopoldoÌ | ||
| 942 |
_2ddc _cBK |
||
| 999 |
_c7653 _d7653 |
||